[Event "Montreal CAN, Pere Noel Open 2022"]
[Site "Montreal CAN"]
[Date "2022.12.27"]
[Round "1.2"]
[White "Rodrigue-Lemieux, Shawn"]
[Black "Guillemette, Hugo"]
[Result "1-0"]
[WhiteElo "2463"]
[BlackElo "1865"]
[PlyCount "73"]
[EventDate "2022.12.27"]
[EventType "swiss"]
[EventRounds "7"]
[EventCountry "CAN"]
[Source "ChessMix "]
[SourceDate "2023.01.10"]

1. a3 e5 2. c4 Nf6 3. Nc3 d5 4. cxd5 Nxd5 5. Nf3 Nc6 6. e4 Nxc3 7. bxc3 Bc5 8.
Bb5 Bg4 9. h3 Bxf3 10. Qxf3 O-O 11. O-O Qd6 12. Ba4 Rad8 13. Bc2 Ne7 14. a4 c6
15. Rd1 Ng6 16. Bb2 Qe7 17. d4 Bd6 18. g3 Qe6 19. Kg2 Ne7 20. Qe3 Bc7 21. Ba3
Rfe8 22. Rab1 Bb6 23. Bc5 Bxc5 24. dxc5 Qc8 25. Rd6 Qc7 26. Qd3 Nc8 27. Rxd8
Rxd8 28. Rxb7 Rxd3 29. Rxc7 Rd8 30. Bb3 h6 31. Rxf7 Kh7 32. Be6 Re8 33. Bf5+
Kg8 34. Rc7 Ne7 35. Be6+ Kf8 36. Rxa7 Rb8 37. a5 1-0

[Event "Montreal CAN, Pere Noel Open 2022"]
[Site "Montreal CAN"]
[Date "2022.12.27"]
[Round "1.3"]
[White "Bassel, Charaf"]
[Black "Roussel-Roozmon, Thomas"]
[Result "1/2-1/2"]
[WhiteElo "2006"]
[BlackElo "2461"]
[PlyCount "70"]
[EventDate "2022.12.27"]
[EventType "swiss"]
[EventRounds "7"]
[EventCountry "CAN"]
[Source "ChessMix "]
[SourceDate "2023.01.10"]

1. b3 e5 2. Bb2 Nc6 3. e3 Nf6 4. Nf3 e4 5. Nd4 Nxd4 6. Bxd4 Be7 7. c4 O-O 8.
Nc3 c5 9. Bxf6 Bxf6 10. Qc2 Bxc3 11. dxc3 Qe7 12. O-O-O f5 13. g3 d6 14. Be2
Rf6 15. h4 g6 16. Rd2 Bd7 17. Rhd1 Kg7 18. Qb2 b6 19. Kc2 Bc6 20. a4 a5 21. Qc1
Qe5 22. Rh1 Raf8 23. Rh2 Kf7 24. Rd1 Ke7 25. Rdh1 Kd8 26. Qd2 Kc7 27. Qc1 Rd8
28. Rd1 h6 29. Qd2 Rd7 30. Qc1 Rf8 31. Qd2 Rfd8 32. Qc1 Qf6 33. Rhh1 Rh8 34.
Rh2 Rhd8 35. Rhh1 Rh8 1/2-1/2

[Event "Montreal CAN, Pere Noel Open 2022"]
[Site "Montreal CAN"]
[Date "2022.12.27"]
[Round "1.4"]
[White "Chiku-Ratte, Olivier-Kenta"]
[Black "Singher, Jean Pierre"]
[Result "1-0"]
[WhiteElo "2338"]
[BlackElo "1934"]
[PlyCount "77"]
[EventDate "2022.12.27"]
[EventType "swiss"]
[EventRounds "7"]
[EventCountry "CAN"]
[Source "ChessMix "]
[SourceDate "2023.01.10"]

1. Nf3 c5 2. e4 Nc6 3. Bb5 g6 4. Bxc6 dxc6 5. h3 e5 6. d3 Bg7 7. b3 Nf6 8. Bb2
Nh5 9. g3 Qc7 10. Nbd2 O-O 11. Nc4 f5 12. Qe2 b5 13. Ncd2 a5 14. a4 Be6 15. Ng5
Bd7 16. exf5 Rxf5 17. Nge4 Raf8 18. Qe3 Nf4 19. Qxc5 Ne6 20. Qe3 Nd4 21. Bxd4
exd4 22. Qe2 Be6 23. f4 Bd5 24. O-O g5 25. fxg5 Rxg5 26. Rxf8+ Bxf8 27. Nxg5
Qxg3+ 28. Kf1 Qxg5 29. Qg4 Qxg4 30. hxg4 Bb4 31. Ke2 Kg7 32. Rf1 Kg6 33. Nf3
bxa4 34. bxa4 Bxf3+ 35. Kxf3 h5 36. gxh5+ Kxh5 37. Ke4 c5 38. Rf6 Kg5 39. Rc6
1-0

[Event "Montreal CAN, Pere Noel Open 2022"]
[Site "Montreal CAN"]
[Date "2022.12.27"]
[Round "1.5"]
[White "Chapdelaine, Gwyn"]
[Black "Migot, Tangi"]
[Result "0-1"]
[WhiteElo "1833"]
[BlackElo "2364"]
[PlyCount "120"]
[EventDate "2022.12.27"]
[EventType "swiss"]
[EventRounds "7"]
[EventCountry "CAN"]
[Source "ChessMix "]
[SourceDate "2023.01.10"]

1. e4 c5 2. Nf3 Nc6 3. d4 cxd4 4. Nxd4 e6 5. Be3 Nf6 6. Bd3 d5 7. exd5 Nxd5 8.
Nxc6 bxc6 9. Qf3 Nxe3 10. Qxe3 Qb6 11. Qxb6 axb6 12. O-O Bd6 13. Nd2 Ke7 14.
Rfd1 Rd8 15. a3 Bc7 16. Nf3 f5 17. Bc4 Rxd1+ 18. Rxd1 e5 19. Nd2 Bd7 20. Re1
Rd8 21. Bf1 Kf6 22. h4 Be6 23. Nb1 h6 24. b3 g5 25. hxg5+ hxg5 26. g3 e4 27.
Bg2 Be5 28. Kf1 c5 29. g4 f4 30. Bxe4 Bxg4 31. Kg2 Bf5 32. Bxf5 Kxf5 33. f3 Bf6
34. Re2 Rd1 35. Nd2 Bd4 36. Ne4 Rg1+ 37. Kh2 g4 38. fxg4+ Rxg4 39. Nd6+ Kf6 40.
Ne4+ Kf5 41. Nd6+ Kg5 42. Rg2 f3 43. Ne4+ Kf4 44. Rxg4+ Kxg4 45. Nd2 Kf4 46.
Nf1 Bf2 47. b4 cxb4 48. axb4 b5 49. Kh1 Be1 50. Kg1 Bxb4 51. Kf2 Ba5 52. Kg1
Bb6+ 53. Kh2 Bf2 54. Kh3 Bg1 55. c3 Bf2 56. Nd2 Be1 57. Nb1 Ke3 58. Na3 Bxc3
59. Nxb5 Be5 60. Na3 Ke2 0-1

[Event "Montreal CAN, Pere Noel Open 2022"]
[Site "Montreal CAN"]
[Date "2022.12.27"]
[Round "1.6"]
[White "Lawson, Eric"]
[Black "Steinberg, Ellis"]
[Result "1/2-1/2"]
[WhiteElo "2331"]
[BlackElo "1768"]
[PlyCount "80"]
[EventDate "2022.12.27"]
[EventType "swiss"]
[EventRounds "7"]
[EventCountry "CAN"]
[Source "ChessMix "]
[SourceDate "2023.01.10"]

1. e4 c6 2. d4 d5 3. e5 Bf5 4. Nf3 e6 5. Be2 Ne7 6. O-O Bg6 7. Nbd2 Nf5 8. Nb3
Nd7 9. a4 Be7 10. a5 O-O 11. a6 b6 12. c4 Rc8 13. cxd5 cxd5 14. Ne1 Nb8 15. Bd2
Qd7 16. Bc3 Rc7 17. Qd2 Rfc8 18. Nc2 Nc6 19. Bb5 Qd8 20. Nc1 Na5 21. Ne3 Nxe3
22. Qxe3 Nc4 23. Qh3 Na3 24. Bd3 Nc2 25. Rb1 Na3 26. Ra1 Nc2 27. Bxc2 Bxc2 28.
Qe3 Rc4 29. Qd2 Bg6 30. Na2 Qd7 31. Rfc1 Ra4 32. Nb4 Rxa1 33. Rxa1 Bxb4 34.
Bxb4 Rc2 35. Qg5 h6 36. Qe7 Qxe7 37. Bxe7 Rxb2 38. Bd6 Rb1+ 39. Rxb1 Bxb1 40.
Bb8 Bd3 1/2-1/2

[Event "Montreal CAN, Pere Noel Open 2022"]
[Site "Montreal CAN"]
[Date "2022.12.27"]
[Round "1.7"]
[White "Guipi Bopala, Prince Eric Jr"]
[Black "Ouellet, Maili Jade"]
[Result "0-1"]
[WhiteElo "1813"]
[BlackElo "2220"]
[PlyCount "64"]
[EventDate "2022.12.27"]
[EventType "swiss"]
[EventRounds "7"]
[EventCountry "CAN"]
[Source "ChessMix "]
[SourceDate "2023.01.10"]

1. d4 Nf6 2. c4 e6 3. g3 d5 4. Nf3 Bb4+ 5. Bd2 Be7 6. Bg2 O-O 7. O-O Nbd7 8.
Qc2 c6 9. Bf4 Ne4 10. Nbd2 g5 11. Be3 Nd6 12. Ne1 Nf5 13. Qd3 a5 14. Ndf3 Nxe3
15. Qxe3 dxc4 16. Ne5 Nxe5 17. dxe5 Ra6 18. Nf3 Qb6 19. Qc1 Qc5 20. Nxg5 Qxe5
21. Ne4 b5 22. Qc2 f5 23. Nc3 a4 24. Rad1 a3 25. bxa3 Rxa3 26. Nb1 Ra6 27. e4
f4 28. Nd2 Ra3 29. Nf3 Qh5 30. Nd4 Bc5 31. Nxc6 fxg3 32. hxg3 Rxg3 0-1

[Event "Montreal CAN, Pere Noel Open 2022"]
[Site "Montreal CAN"]
[Date "2022.12.27"]
[Round "1.8"]
[White "Tanaka, Taira Tyler"]
[Black "Kot, Emanuel"]
[Result "0-1"]
[WhiteElo "2250"]
[BlackElo "1955"]
[PlyCount "67"]
[EventDate "2022.12.27"]
[EventType "swiss"]
[EventRounds "7"]
[EventCountry "CAN"]
[Source "ChessMix "]
[SourceDate "2023.01.10"]

1. Nf3 d5 2. g3 Nf6 3. Bg2 e6 4. O-O Be7 5. c4 O-O 6. b3 c5 7. cxd5 Nxd5 8. Bb2
Nc6 9. d4 cxd4 10. Nxd4 Nxd4 11. Qxd4 Bf6 12. Qd2 Bd7 13. e4 Bxb2 14. Qxb2 Ne7
15. Rd1 Qc7 16. Nd2 Rad8 17. Rac1 Qb8 18. Nc4 Bc6 19. Qa3 Nc8 20. Na5 Rxd1+ 21.
Rxd1 Bb5 22. Qb4 Ba6 23. Bf1 Bxf1 24. Kxf1 Qe5 25. Nxb7 Qh5 26. Rd7 Qxh2 27.
Nc5 Nb6 28. Rd3 Rc8 29. Qd4 h6 30. b4 Qh1+ 31. Ke2 Qh5+ 32. Kf1 Qh1+ 33. Ke2
Qh5+ 34. Rf3 0-1

[Event "Montreal CAN, Pere Noel Open 2022"]
[Site "Montreal CAN"]
[Date "2022.12.27"]
[Round "1.9"]
[White "Di Matteo, Alessio"]
[Black "Hrivnak, Vladimir"]
[Result "1-0"]
[WhiteElo "1598"]
[BlackElo "2235"]
[PlyCount "73"]
[EventDate "2022.12.27"]
[EventType "swiss"]
[EventRounds "7"]
[EventCountry "CAN"]
[Source "ChessMix "]
[SourceDate "2023.01.10"]

1. d4 d5 2. c4 e6 3. Nc3 Nf6 4. cxd5 exd5 5. Bg5 Be7 6. e3 c6 7. Bd3 Nbd7 8.
Nge2 b6 9. O-O Bb7 10. f3 h6 11. Bh4 g5 12. Bg3 h5 13. e4 h4 14. Bf2 dxe4 15.
fxe4 Ng4 16. e5 Qc7 17. h3 Nxf2 18. Rxf2 O-O-O 19. Rxf7 Nxe5 20. Rxe7 Qxe7 21.
dxe5 Qxe5 22. Kh1 Kb8 23. Qc2 Qe3 24. Rd1 c5 25. Bf5 Rhf8 26. Be4 Ba6 27. Bf3
Bd3 28. Qd2 Rxf3 29. gxf3 Qxf3+ 30. Kg1 c4 31. Qxg5 Re8 32. Qf4+ Qxf4 33. Nxf4
Re3 34. Nxd3 Rg3+ 35. Kh2 cxd3 36. Rd2 a6 37. Nd1 1-0

[Event "Montreal CAN, Pere Noel Open 2022"]
[Site "Montreal CAN"]
[Date "2022.12.27"]
[Round "1.10"]
[White "Zhong, Kevin"]
[Black "Giroux, Robert"]
[Result "1-0"]
[WhiteElo "2120"]
[BlackElo "1859"]
[PlyCount "75"]
[EventDate "2022.12.27"]
[EventType "swiss"]
[EventRounds "7"]
[EventCountry "CAN"]
[Source "ChessMix "]
[SourceDate "2023.01.10"]

1. e4 c5 2. Nf3 Nc6 3. Bb5 e5 4. O-O d6 5. c3 Nf6 6. d4 Qc7 7. d5 a6 8. Ba4 b5
9. Bc2 Nd8 10. a4 Rb8 11. axb5 axb5 12. b4 Bd7 13. h3 Be7 14. Be3 O-O 15. Nbd2
Nb7 16. Bd3 Ra8 17. Qe2 c4 18. Bc2 Rfc8 19. g4 Qd8 20. Rac1 Ra3 21. Bb1 Ne8 22.
Ne1 h5 23. f4 exf4 24. Bxf4 hxg4 25. hxg4 Bf6 26. Qf3 Qe7 27. Ng2 Nd8 28. Qg3
g5 29. e5 gxf4 30. exf6 Qxf6 31. Rxf4 Qg7 32. Ne4 Ra1 33. g5 Kf8 34. Qh4 Rca8
35. Nf6 Bc8 36. Re1 Nxf6 37. gxf6 Qg8 38. Qh6+ 1-0

[Event "Montreal CAN, Pere Noel Open 2022"]
[Site "Montreal CAN"]
[Date "2022.12.27"]
[Round "1.11"]
[White "Rauch, Frank"]
[Black "Zheng, Richard"]
[Result "1/2-1/2"]
[WhiteElo "1698"]
[BlackElo "2121"]
[PlyCount "90"]
[EventDate "2022.12.27"]
[EventType "swiss"]
[EventRounds "7"]
[EventCountry "CAN"]
[Source "ChessMix "]
[SourceDate "2023.01.10"]

1. d4 d5 2. c4 c6 3. Nf3 Nf6 4. Nc3 e6 5. e3 a6 6. Bd3 dxc4 7. Bxc4 b5 8. Bd3
c5 9. dxc5 Bxc5 10. O-O Bb7 11. Qe2 O-O 12. e4 Nbd7 13. Bg5 h6 14. Bh4 Be7 15.
Rac1 Nh5 16. Bxe7 Qxe7 17. Bb1 Nf4 18. Qe3 Ng6 19. Ne2 Rac8 20. Nf4 Nge5 21.
Nxe5 Nxe5 22. Nd3 Qf6 23. Nc5 Nc4 24. Rxc4 bxc4 25. Nxb7 Qe7 26. Na5 Qb4 27.
Qc3 Qxc3 28. bxc3 Rfd8 29. e5 Rd5 30. Nb7 Rxe5 31. Nd6 Rc6 32. Ne4 Rd5 33. g4
f5 34. gxf5 exf5 35. Ng3 g6 36. Ne2 Rd2 37. Nd4 Rb6 38. a4 Rbb2 39. Nf3 Rd5 40.
Nd4 Kf7 41. h4 Kf6 42. Re1 Re5 43. Rd1 Rd5 44. Re1 Re5 45. Rd1 Rd5 1/2-1/2

[Event "Montreal CAN, Pere Noel Open 2022"]
[Site "Montreal CAN"]
[Date "2022.12.27"]
[Round "1.12"]
[White "Clyde, Jordan"]
[Black "Yan, Alex Jikai"]
[Result "1-0"]
[WhiteElo "2114"]
[BlackElo "1685"]
[PlyCount "81"]
[EventDate "2022.12.27"]
[EventType "swiss"]
[EventRounds "7"]
[EventCountry "CAN"]
[Source "ChessMix "]
[SourceDate "2023.01.10"]

1. d3 d5 2. e4 dxe4 3. dxe4 Qxd1+ 4. Kxd1 e5 5. Bc4 Nf6 6. f3 Bc5 7. c3 Nc6 8.
Ke2 Ke7 9. a4 Na5 10. Ba2 Be6 11. Nd2 Bxa2 12. Rxa2 Bxg1 13. Rxg1 c5 14. b3
Rac8 15. Ba3 Ke6 16. Rb1 b6 17. b4 cxb4 18. Bxb4 Nb7 19. a5 bxa5 20. Ba3 Nc5
21. c4 Na4 22. Rb7 Nd7 23. Rc2 a6 24. Nb3 Rb8 25. Rc7 Rhc8 26. Rxc8 Rxc8 27.
Rd2 Ndc5 28. Nxc5+ Nxc5 29. Rd5 Nb7 30. c5 f6 31. Kd3 Rc6 32. Kc4 g6 33. Rd1
Rc8 34. h4 h6 35. g3 h5 36. Rd5 Rc7 37. f4 exf4 38. gxf4 Rc6 39. Kd4 Rc8 40.
f5+ gxf5 41. exf5+ 1-0

[Event "Montreal CAN, Pere Noel Open 2022"]
[Site "Montreal CAN"]
[Date "2022.12.27"]
[Round "1.13"]
[White "Jiang Barron, Jiyu"]
[Black "Adam, Rafael"]
[Result "0-1"]
[WhiteElo "1701"]
[BlackElo "2020"]
[PlyCount "68"]
[EventDate "2022.12.27"]
[EventType "swiss"]
[EventRounds "7"]
[EventCountry "CAN"]
[Source "ChessMix "]
[SourceDate "2023.01.10"]

1. e4 e5 2. Nf3 Nc6 3. d4 exd4 4. Nxd4 Bc5 5. Nb3 Bb6 6. a4 a5 7. Nc3 Nge7 8.
Be2 O-O 9. O-O d6 10. Nd5 Nxd5 11. exd5 Ne5 12. Nd4 f5 13. f4 Qf6 14. c3 Bd7
15. Kh1 Ng4 16. Bxg4 fxg4 17. Be3 Rae8 18. Qd2 Re4 19. Rae1 Rfe8 20. b3 Qe7 21.
Bf2 Qf7 22. Rxe4 Rxe4 23. Ne2 Bxf2 24. Rxf2 Qe7 25. g3 Bf5 26. Kg2 Re3 27. Nd4
Be4+ 28. Kf1 Bd3+ 29. Ne2 Qe4 30. Ke1 Qh1+ 31. Rf1 Qe4 32. Rf2 Bxe2 33. Rxe2
Qh1+ 34. Kf2 Rf3# 0-1

[Event "Montreal CAN, Pere Noel Open 2022"]
[Site "Montreal CAN"]
[Date "2022.12.27"]
[Round "1.14"]
[White "Saha, Ananda"]
[Black "Forget, Luc"]
[Result "1-0"]
[WhiteElo "2062"]
[BlackElo "1780"]
[PlyCount "49"]
[EventDate "2022.12.27"]
[EventType "swiss"]
[EventRounds "7"]
[EventCountry "CAN"]
[Source "ChessMix "]
[SourceDate "2023.01.10"]

1. d4 Nf6 2. Bg5 Ne4 3. Bf4 c5 4. f3 Qa5+ 5. c3 Nf6 6. d5 d6 7. e4 g6 8. Na3
Bg7 9. Nc4 Qd8 10. a4 O-O 11. g4 Nbd7 12. h4 h5 13. g5 Ne8 14. Bd3 Ne5 15. Nxe5
Bxe5 16. Be3 b6 17. f4 Bg7 18. f5 Nc7 19. Nh3 Qe8 20. Nf4 e5 21. dxe6 Nxe6 22.
Bb5 Qd8 23. fxe6 Bxe6 24. Bc6 Bg4 25. Qb3 1-0

[Event "Montreal CAN, Pere Noel Open 2022"]
[Site "Montreal CAN"]
[Date "2022.12.27"]
[Round "1.15"]
[White "Wang, Derek"]
[Black "Latorre, Vincent"]
[Result "1/2-1/2"]
[WhiteElo "1678"]
[BlackElo "1918"]
[PlyCount "92"]
[EventDate "2022.12.27"]
[EventType "swiss"]
[EventRounds "7"]
[EventCountry "CAN"]
[Source "ChessMix "]
[SourceDate "2023.01.10"]

1. Nf3 Nf6 2. d4 g6 3. c4 Bg7 4. Nc3 O-O 5. Bg5 d6 6. e3 h6 7. Bh4 Nbd7 8. Be2
e5 9. Qc2 c6 10. Rd1 Qc7 11. O-O Re8 12. Bg3 Nh5 13. dxe5 Nxg3 14. hxg3 Nxe5
15. Qd2 Be6 16. b3 Rad8 17. Nd4 Bc8 18. Qc2 a6 19. Rc1 b6 20. Rfd1 Bb7 21. Nf3
Qe7 22. Nxe5 Qxe5 23. Bf3 Rc8 24. Qd2 Red8 25. Qd3 Qe7 26. Qe4 Be5 27. Qh4 Qxh4
28. gxh4 Ba8 29. g3 b5 30. Ne2 bxc4 31. Rxc4 d5 32. Rc2 Rc7 33. Bg2 Kg7 34.
Rcd2 Rcd7 35. e4 Bf6 36. exd5 cxd5 37. Nf4 d4 38. Bxa8 Rxa8 39. Rd3 Rc8 40. Ne2
Rc2 41. Nxd4 Rxd4 42. Rxd4 Bxd4 43. Rxd4 Rxa2 44. Rd6 Rb2 45. Rxa6 Rxb3 46. Kg2
Rb2 1/2-1/2

[Event "Montreal CAN, Pere Noel Open 2022"]
[Site "Montreal CAN"]
[Date "2022.12.27"]
[Round "1.18"]
[White "Batorshyn, Ilia"]
[Black "Nica, Ion"]
[Result "1-0"]
[WhiteElo "1990"]
[BlackElo "1671"]
[PlyCount "59"]
[EventDate "2022.12.27"]
[EventType "swiss"]
[EventRounds "7"]
[EventCountry "CAN"]
[Source "ChessMix "]
[SourceDate "2023.01.10"]

1. a3 g6 2. d4 f5 3. Nf3 b6 4. c4 Nf6 5. Nc3 Bg7 6. g3 Bb7 7. Bg2 O-O 8. d5 a5
9. O-O Na6 10. Be3 Nc5 11. Bxc5 bxc5 12. Qc2 d6 13. Rab1 h6 14. Nh4 Qe8 15. Nb5
Rc8 16. Qa4 Ne4 17. Qxa5 Qd7 18. Nxg6 Rf6 19. Nf4 c6 20. Bxe4 fxe4 21. Nc3 Rxf4
22. gxf4 Qg4+ 23. Kh1 Qxf4 24. Rg1 Kh8 25. Rxg7 Kxg7 26. Qa7 Rf8 27. Qxb7 Qh4
28. Rg1+ Kh8 29. Qd7 Rxf2 30. Qe8+ 1-0

[Event "Montreal CAN, Pere Noel Open 2022"]
[Site "Montreal CAN"]
[Date "2022.12.27"]
[Round "1.19"]
[White "Hu, Raymond"]
[Black "Malek, Omid"]
[Result "0-1"]
[WhiteElo "1374"]
[BlackElo "2002"]
[PlyCount "75"]
[EventDate "2022.12.27"]
[EventType "swiss"]
[EventRounds "7"]
[EventCountry "CAN"]
[Source "ChessMix "]
[SourceDate "2023.01.10"]

1. e4 c5 2. Nf3 d6 3. d4 cxd4 4. Nxd4 Nf6 5. Nc3 a6 6. Bg5 e6 7. Be2 Be7 8. O-O
O-O 9. Kh1 Qc7 10. f4 h6 11. Bxf6 Bxf6 12. Bf3 Nd7 13. Qd2 Nb6 14. b3 Bd7 15.
Rad1 Rac8 16. Nce2 Rcd8 17. c4 e5 18. Nf5 Bxf5 19. exf5 Rfe8 20. Ng3 Bh4 21.
Nh5 Qe7 22. g3 Bf6 23. Nxf6+ gxf6 24. fxe5 dxe5 25. Qxh6 e4 26. Rde1 e3 27. Bg2
Rd4 28. Rf4 Qe5 29. Qh4 Red8 30. Re4 Rxe4 31. Qxe4 Qc3 32. Rf1 Kf8 33. h3 Rd4
34. Qf3 Qd2 35. Qxb7 e2 36. Qxb6 exf1=Q+ 37. Bxf1 Qf2 38. Qb8+ 0-1

[Event "Montreal CAN, Pere Noel Open 2022"]
[Site "Montreal CAN"]
[Date "2022.12.27"]
[Round "1.20"]
[White "Zhang, Chu Hang"]
[Black "Berube, Maximilien"]
[Result "1-0"]
[WhiteElo "1953"]
[BlackElo "1592"]
[PlyCount "63"]
[EventDate "2022.12.27"]
[EventType "swiss"]
[EventRounds "7"]
[EventCountry "CAN"]
[Source "ChessMix "]
[SourceDate "2023.01.10"]

1. e4 c6 2. d3 d5 3. Nd2 dxe4 4. dxe4 e5 5. Ngf3 Qc7 6. Bc4 Be7 7. Nf1 Nf6 8.
Ng3 b5 9. Bb3 Na6 10. Be3 Nc5 11. Bxc5 Bxc5 12. O-O O-O 13. Qe2 Bg4 14. h3 Nh5
15. Nxh5 Bxh5 16. g4 Bg6 17. a4 a6 18. Kg2 Qe7 19. h4 h5 20. Ng5 hxg4 21. Qxg4
Qf6 22. axb5 cxb5 23. f4 Rad8 24. h5 Rd2+ 25. Kh3 Bh7 26. fxe5 Qxe5 27. Nf3 Qd6
28. Nxd2 Qxd2 29. Rxf7 Rxf7 30. Rf1 Qe3+ 31. Rf3 Qxe4 32. Bxf7+ 1-0

[Event "Montreal CAN, Pere Noel Open 2022"]
[Site "Montreal CAN"]
[Date "2022.12.27"]
[Round "2.1"]
[White "Sambuev, Bator"]
[Black "Saha, Ananda"]
[Result "1-0"]
[WhiteElo "2410"]
[BlackElo "2062"]
[PlyCount "133"]
[EventDate "2022.12.27"]
[EventType "swiss"]
[EventRounds "7"]
[EventCountry "CAN"]
[Source "ChessMix "]
[SourceDate "2023.01.10"]

1. d4 e6 2. Nf3 Nf6 3. e3 d5 4. Bd3 c5 5. b3 Nc6 6. O-O Bd6 7. Bb2 O-O 8. a3
cxd4 9. exd4 b6 10. Nbd2 Bb7 11. Re1 Ne7 12. h4 Rc8 13. Ne5 Bxe5 14. dxe5 Ne4
15. h5 Nf5 16. Nf3 Qc7 17. c4 Nxf2 18. Kxf2 Qc5+ 19. Nd4 Nxd4 20. Bxh7+ Kxh7
21. Bxd4 Qe7 22. Qg4 dxc4 23. b4 Rfd8 24. Re3 Qd7 25. Bc3 Qc6 26. Rg3 Rg8 27.
Rd1 Rc7 28. Rd4 b5 29. Qd1 f5 30. exf6 gxf6 31. Rxg8 Kxg8 32. Rd8+ Kh7 33. Qc2+
Qe4 34. Qxe4+ Bxe4 35. Bxf6 Kh6 36. g4 c3 37. Be5 c2 38. Bf4+ Kg7 39. Bc1 Kf6
40. g5+ Ke7 41. Rd4 Bf5 42. g6 Kf6 43. Rd8 Bg4 44. h6 Kxg6 45. Rg8+ Kh5 46. Rg7
Rc8 47. Kg3 Rc3+ 48. Kg2 Rc8 49. Kg3 Rc3+ 50. Kh2 Rc8 51. Rg5+ Kh4 52. Rc5 Re8
53. Rxc2 Bf5 54. Rc7 Rg8 55. Bb2 Be4 56. Bf6+ Kh5 57. h7 Bxh7 58. Rxh7+ Kg6 59.
Rh8 Rxh8+ 60. Bxh8 Kf5 61. Bd4 a6 62. Kg3 Ke4 63. Bb6 e5 64. Bc7 Kd4 65. Kf3
e4+ 66. Ke2 e3 67. Ba5 1-0

[Event "Montreal CAN, Pere Noel Open 2022"]
[Site "Montreal CAN"]
[Date "2022.12.27"]
[Round "2.3"]
[White "Malek, Omid"]
[Black "Chiku-Ratte, Olivier-Kenta"]
[Result "0-1"]
[WhiteElo "2002"]
[BlackElo "2338"]
[PlyCount "76"]
[EventDate "2022.12.27"]
[EventType "swiss"]
[EventRounds "7"]
[EventCountry "CAN"]
[Source "ChessMix "]
[SourceDate "2023.01.10"]

1. d4 Nf6 2. Bf4 c5 3. e3 g6 4. Nc3 Bg7 5. Nf3 O-O 6. Be2 b6 7. O-O Bb7 8. h3
d6 9. Re1 cxd4 10. exd4 Nc6 11. Bh2 Rc8 12. a3 Na5 13. Nd2 Nd7 14. Nde4 h6 15.
Bf4 f5 16. Ng3 e5 17. dxe5 dxe5 18. Bc1 Nf6 19. Nb5 Qe7 20. Bd2 Nc6 21. Bf3 e4
22. Be2 Kh7 23. Qc1 a6 24. Nc3 b5 25. Bf1 Nd4 26. Nge2 Ne6 27. Rd1 Nh5 28. g3
Ng5 29. Bxg5 hxg5 30. Nd5 Qc5 31. b4 Qxc2 32. Qxg5 Bxd5 33. Rac1 Qb3 34. g4
Rxc1 35. Qxc1 fxg4 36. hxg4 Qf3 37. gxh5 Qxf2+ 38. Kh1 Be5 0-1

[Event "Montreal CAN, Pere Noel Open 2022"]
[Site "Montreal CAN"]
[Date "2022.12.27"]
[Round "2.4"]
[White "Migot, Tangi"]
[Black "Batorshyn, Ilia"]
[Result "1-0"]
[WhiteElo "2364"]
[BlackElo "1990"]
[PlyCount "111"]
[EventDate "2022.12.27"]
[EventType "swiss"]
[EventRounds "7"]
[EventCountry "CAN"]
[Source "ChessMix "]
[SourceDate "2023.01.10"]

1. d4 Nf6 2. Nf3 d5 3. e3 e6 4. Bd3 c5 5. c3 Be7 6. O-O Nbd7 7. Nbd2 Qc7 8. Qe2
O-O 9. c4 b6 10. b3 Bb7 11. Ba3 Rfe8 12. Rac1 Rac8 13. cxd5 exd5 14. Bb5 Bd6
15. Bb2 Bc6 16. Bxc6 Qxc6 17. dxc5 bxc5 18. Nd4 Qb6 19. Nf5 Be5 20. Nf3 Bxb2
21. Qxb2 Qe6 22. Ng3 Ne5 23. Nxe5 Qxe5 24. Qa3 Qc7 25. Rc2 Qb6 26. Rfc1 Nd7 27.
h3 Rcd8 28. Rd1 d4 29. Nf1 Re6 30. Qa4 Rd6 31. exd4 Rxd4 32. Rxd4 cxd4 33. Rc6
Qb8 34. Qa5 Nb6 35. Rc2 h6 36. Rd2 Rd7 37. Qc5 Qf4 38. a4 Rd5 39. Qe7 Qb8 40.
Rd3 Nd7 41. Ne3 Rd6 42. Nc2 Qc7 43. Rf3 f6 44. Rg3 g5 45. Qe4 f5 46. Qxf5 d3
47. Rf3 Ne5 48. Qxe5 dxc2 49. Qe8+ Kg7 50. Qf8+ Kg6 51. Qg8+ Kh5 52. Qe8+ Rg6
53. g4+ Kh4 54. Qxg6 c1=Q+ 55. Kg2 Q1c6 56. Qh5# 1-0

[Event "Montreal CAN, Pere Noel Open 2022"]
[Site "Montreal CAN"]
[Date "2022.12.27"]
[Round "2.5"]
[White "Ouellet, Maili Jade"]
[Black "Zhang, Chu Hang"]
[Result "1/2-1/2"]
[WhiteElo "2220"]
[BlackElo "1953"]
[PlyCount "103"]
[EventDate "2022.12.27"]
[EventType "swiss"]
[EventRounds "7"]
[EventCountry "CAN"]
[Source "ChessMix "]
[SourceDate "2023.01.10"]

1. e4 e5 2. Nf3 Nc6 3. Bb5 a6 4. Ba4 Nf6 5. O-O Be7 6. Re1 b5 7. Bb3 O-O 8. h3
Bb7 9. d3 d6 10. c3 Nb8 11. Nbd2 Nbd7 12. d4 h6 13. Bc2 Re8 14. Nf1 Bf8 15. Ng3
g6 16. a4 Bg7 17. Nh2 d5 18. dxe5 Nxe4 19. Nxe4 dxe4 20. axb5 axb5 21. Rxa8
Bxa8 22. Bxe4 Nxe5 23. Qxd8 Rxd8 24. Bxh6 Bxe4 25. Rxe4 Rd1+ 26. Nf1 Nc4 27.
Be3 Bf6 28. Re8+ Kg7 29. Rb8 c6 30. Rc8 Nxb2 31. Rxc6 Na4 32. Bd2 Nb2 33. g4
Nc4 34. Bf4 g5 35. Be3 Ne5 36. Rc5 Nf3+ 37. Kg2 Nh4+ 38. Kg3 Be7 39. Rxb5 f6
40. f4 Rxf1 41. fxg5 Rf3+ 42. Kxh4 Rxe3 43. gxf6+ Bxf6+ 44. g5 Bxc3 45. Kg4 Be1
46. Rb7+ Kg6 47. Rb6+ Kg7 48. Rb1 Kg6 49. Rb6+ Kg7 50. Rh6 Rg3+ 51. Kf5 Rxg5+
52. Kxg5 1/2-1/2

[Event "Montreal CAN, Pere Noel Open 2022"]
[Site "Montreal CAN"]
[Date "2022.12.27"]
[Round "2.6"]
[White "Robichaud, Louis"]
[Black "Zhong, Kevin"]
[Result "1/2-1/2"]
[WhiteElo "2032"]
[BlackElo "2120"]
[PlyCount "114"]
[EventDate "2022.12.27"]
[EventType "swiss"]
[EventRounds "7"]
[EventCountry "CAN"]
[Source "ChessMix "]
[SourceDate "2023.01.10"]

1. e4 c5 2. d3 Nc6 3. f4 g6 4. Nf3 Bg7 5. Be2 d6 6. O-O e6 7. c3 Nge7 8. Na3 d5
9. Be3 d4 10. Bd2 O-O 11. c4 e5 12. Nxe5 Nxe5 13. fxe5 Bxe5 14. Bf4 Bxf4 15.
Rxf4 f5 16. Qd2 g5 17. Rf2 f4 18. b4 b6 19. bxc5 bxc5 20. Rb1 Bd7 21. Bh5 Nc6
22. e5 Nxe5 23. Re2 Rf5 24. Bf3 Nxf3+ 25. gxf3 g4 26. fxg4 Rg5 27. h3 f3 28.
Re4 Bc6 29. Re6 Bd7 30. Rd6 Rg7 31. Qf4 Qh4 32. Rh6 Qe7 33. Qxf3 Rf8 34. Qg3
Rgf7 35. Re1 Qg5 36. Rh5 Qd2 37. Nb1 Rf3 38. Nxd2 Rxg3+ 39. Kh2 Re3 40. Rg5+
Kh8 41. Rf1 Rxf1 42. Nxf1 Rxd3 43. Rxc5 Rf3 44. Ng3 Rf2+ 45. Kg1 Rxa2 46. Nf5
d3 47. Rd5 Bxf5 48. gxf5 d2 49. Kf1 Kg7 50. Ke2 Kf6 51. c5 a5 52. Kd1 Ra4 53.
Kxd2 Rc4 54. Kd3 Rc1 55. Kd2 Rc4 56. Kd3 Rc1 57. Kd2 Rc4 1/2-1/2